<?xml version="1.0" encoding="UTF-8"?>
<record
    xmlns:xsi="http://www.w3.org/2001/XMLSchema-instance"
    xsi:schemaLocation="http://www.loc.gov/MARC21/slim http://www.loc.gov/standards/marcxml/schema/MARC21slim.xsd"
    xmlns="http://www.loc.gov/MARC21/slim">

  <leader>02916nam a2200625   4500</leader>
  <controlfield tag="001">000000288</controlfield>
  <controlfield tag="005">20200929145323.0</controlfield>
  <controlfield tag="008">081124s        dr ac         000 0 spa d</controlfield>
  <datafield tag="020" ind1=" " ind2=" ">
    <subfield code="a">8440209959</subfield>
  </datafield>
  <datafield tag="020" ind1=" " ind2=" ">
    <subfield code="a">9788440209955</subfield>
  </datafield>
  <datafield tag="040" ind1=" " ind2=" ">
    <subfield code="a">DO-SdBNP</subfield>
    <subfield code="b">spa</subfield>
    <subfield code="c">BNPHU</subfield>
  </datafield>
  <datafield tag="082" ind1=" " ind2=" ">
    <subfield code="a">780.9</subfield>
    <subfield code="b">H673g</subfield>
  </datafield>
  <datafield tag="245" ind1="0" ind2="0">
    <subfield code="a">Historia de los grandes compositores clasicos /</subfield>
    <subfield code="c">direcci&#xF3;n, Isabel Cort&#xE1;zar ; direcci&#xF3;n editorial, Angela Cort&#xE1;zar.</subfield>
  </datafield>
  <datafield tag="260" ind1=" " ind2=" ">
    <subfield code="a">Espa&#xF1;a :</subfield>
    <subfield code="b">Olimpo,</subfield>
    <subfield code="c">[s.f.].</subfield>
  </datafield>
  <datafield tag="300" ind1=" " ind2=" ">
    <subfield code="a">8 v. :</subfield>
    <subfield code="b">il., retrs. ;</subfield>
    <subfield code="c">28 cm.</subfield>
  </datafield>
  <datafield tag="505" ind1="0" ind2=" ">
    <subfield code="g">Contiene:</subfield>
    <subfield code="g">v.1 .</subfield>
    <subfield code="t">Bach - Vivaldi - Haendel.--</subfield>
    <subfield code="g">v.2 .</subfield>
    <subfield code="t">Haydn - Mozart - Rossini. --</subfield>
    <subfield code="g">v.3.</subfield>
    <subfield code="t">Beethoven - Schubert. --</subfield>
    <subfield code="g">v.4.</subfield>
    <subfield code="t">Chopin - Mendelssohn - Schumann. --</subfield>
    <subfield code="g">v.5.</subfield>
    <subfield code="t">Berlioz - Liszt - Brahms - Dvorak --</subfield>
    <subfield code="g">v.6.</subfield>
    <subfield code="t">Tchaikovsky - Mahler - Bruckner - Verdi --</subfield>
    <subfield code="g">v.7.</subfield>
    <subfield code="t">Debussy - Ravel - Franck - Saint-Saens - Sibelius - Alb&#xE9;niz - Granados - Falla. --</subfield>
    <subfield code="g">v.8.</subfield>
    <subfield code="t">Bartok - Prokofiev - Schoenberg - Shostakovich - Strauss - Stravinsky - Gershwin.</subfield>
  </datafield>
  <datafield tag="650" ind1=" " ind2="4">
    <subfield code="a">Compositores</subfield>
    <subfield code="x">Biograf&#xED;as</subfield>
    <subfield code="9">946</subfield>
  </datafield>
  <datafield tag="650" ind1=" " ind2="4">
    <subfield code="a">M&#xFA;sica</subfield>
    <subfield code="x">Historia y cr&#xED;tica</subfield>
    <subfield code="9">947</subfield>
  </datafield>
  <datafield tag="600" ind1="1" ind2="4">
    <subfield code="a">Bach, Johann Sebastian,</subfield>
    <subfield code="d">1685-1750</subfield>
    <subfield code="9">948</subfield>
  </datafield>
  <datafield tag="600" ind1="1" ind2="4">
    <subfield code="a">Vivaldi, Antonio,</subfield>
    <subfield code="d">1678-1741</subfield>
    <subfield code="9">949</subfield>
  </datafield>
  <datafield tag="600" ind1="1" ind2="4">
    <subfield code="a">Handel, George Frideric,</subfield>
    <subfield code="d">1685-1759</subfield>
    <subfield code="9">950</subfield>
  </datafield>
  <datafield tag="600" ind1="1" ind2="4">
    <subfield code="a">Haydn, Joseph,</subfield>
    <subfield code="d">1732-1809</subfield>
    <subfield code="9">951</subfield>
  </datafield>
  <datafield tag="600" ind1="1" ind2="4">
    <subfield code="a">Rossini, Gioacchino,</subfield>
    <subfield code="d">1792-1868</subfield>
    <subfield code="9">952</subfield>
  </datafield>
  <datafield tag="600" ind1="1" ind2="4">
    <subfield code="a">Mozart, Wolfgang Amadeus,</subfield>
    <subfield code="d">1756-1791</subfield>
    <subfield code="9">953</subfield>
  </datafield>
  <datafield tag="600" ind1="1" ind2="4">
    <subfield code="a">Beethoven, Ludwig van,</subfield>
    <subfield code="d">1770-1827</subfield>
    <subfield code="9">954</subfield>
  </datafield>
  <datafield tag="600" ind1="1" ind2="4">
    <subfield code="a">Schubert, Franz,</subfield>
    <subfield code="d">1797-1828</subfield>
    <subfield code="9">955</subfield>
  </datafield>
  <datafield tag="600" ind1="1" ind2="4">
    <subfield code="a">Chopin, Frederic,</subfield>
    <subfield code="d">1810 -1849</subfield>
    <subfield code="9">956</subfield>
  </datafield>
  <datafield tag="600" ind1="1" ind2="4">
    <subfield code="a">Wendelssohn-Bartholdy, Felix (Jakob Ludwig),</subfield>
    <subfield code="d">1809-1847</subfield>
    <subfield code="9">957</subfield>
  </datafield>
  <datafield tag="600" ind1="1" ind2="4">
    <subfield code="a">Schumann, Robert,</subfield>
    <subfield code="d">1810-1856</subfield>
    <subfield code="9">958</subfield>
  </datafield>
  <datafield tag="600" ind1="1" ind2="4">
    <subfield code="a">Berlioz, Hector,</subfield>
    <subfield code="d">1803-1869</subfield>
    <subfield code="9">959</subfield>
  </datafield>
  <datafield tag="600" ind1="1" ind2="4">
    <subfield code="a">Liszt, Franz,</subfield>
    <subfield code="d">1811-1886</subfield>
    <subfield code="9">960</subfield>
  </datafield>
  <datafield tag="600" ind1="1" ind2="4">
    <subfield code="a">Brahms, Johannes,</subfield>
    <subfield code="d">1833-1897</subfield>
    <subfield code="9">961</subfield>
  </datafield>
  <datafield tag="600" ind1="1" ind2="4">
    <subfield code="a">Dvorak, Antonin,</subfield>
    <subfield code="d">1841-1904</subfield>
    <subfield code="9">962</subfield>
  </datafield>
  <datafield tag="600" ind1="1" ind2="4">
    <subfield code="a">Tchaikovsky, Peter Ilich, 1840-1893</subfield>
    <subfield code="9">963</subfield>
  </datafield>
  <datafield tag="600" ind1="1" ind2="4">
    <subfield code="a">Mahler, Gustav, 1860-1911</subfield>
    <subfield code="9">964</subfield>
  </datafield>
  <datafield tag="600" ind1="1" ind2="4">
    <subfield code="a">Bruckner, Anton, 1824-1896</subfield>
    <subfield code="9">965</subfield>
  </datafield>
  <datafield tag="600" ind1="1" ind2="4">
    <subfield code="a">Verdi, Giuseppe, 1813-1901.</subfield>
    <subfield code="9">966</subfield>
  </datafield>
  <datafield tag="600" ind1="1" ind2="4">
    <subfield code="a">Debussy, Claude, 1862-1918</subfield>
    <subfield code="9">967</subfield>
  </datafield>
  <datafield tag="600" ind1="1" ind2="4">
    <subfield code="a">Ravel, Maurice, 1875-1937</subfield>
    <subfield code="9">968</subfield>
  </datafield>
  <datafield tag="600" ind1="1" ind2="4">
    <subfield code="a">Saint-Saens, Camille, 1835-1921</subfield>
    <subfield code="9">969</subfield>
  </datafield>
  <datafield tag="600" ind1="1" ind2="4">
    <subfield code="a">Alb&#xE9;niz, Isaac, 1860-1909</subfield>
    <subfield code="9">970</subfield>
  </datafield>
  <datafield tag="600" ind1="1" ind2="4">
    <subfield code="a">Sibelius, Jean, 1865-1957</subfield>
    <subfield code="9">971</subfield>
  </datafield>
  <datafield tag="600" ind1="1" ind2="4">
    <subfield code="a">Falla, Manuel de, 1876-1946</subfield>
    <subfield code="9">972</subfield>
  </datafield>
  <datafield tag="600" ind1="1" ind2="4">
    <subfield code="a">Bartok, Bela, 1881-1945.</subfield>
    <subfield code="9">973</subfield>
  </datafield>
  <datafield tag="600" ind1="1" ind2="4">
    <subfield code="a">Prokofiev, Sergey, 1891-1953</subfield>
    <subfield code="9">974</subfield>
  </datafield>
  <datafield tag="600" ind1="1" ind2="4">
    <subfield code="a">Schoenberg, Arnold, 1874-1951</subfield>
    <subfield code="9">975</subfield>
  </datafield>
  <datafield tag="600" ind1="1" ind2="4">
    <subfield code="a">Shostakovich, Dmitri&#xE6;i Dmitrievich, 1906-1975</subfield>
    <subfield code="9">976</subfield>
  </datafield>
  <datafield tag="600" ind1="1" ind2="4">
    <subfield code="a">Granados, Enrique, 1867-1916</subfield>
    <subfield code="9">977</subfield>
  </datafield>
  <datafield tag="600" ind1="1" ind2="4">
    <subfield code="a">Strauss, Richard, 1864-1949</subfield>
    <subfield code="9">978</subfield>
  </datafield>
  <datafield tag="600" ind1="1" ind2="4">
    <subfield code="a">Stravinsky, Igor, 1882-1971</subfield>
    <subfield code="9">979</subfield>
  </datafield>
  <datafield tag="600" ind1="1" ind2="4">
    <subfield code="a">Gershwin, George, 1898-1937</subfield>
    <subfield code="9">980</subfield>
  </datafield>
  <datafield tag="700" ind1="1" ind2=" ">
    <subfield code="a">Cort&#xE1;zar, Isabel,</subfield>
    <subfield code="e">direcci&#xF3;n</subfield>
    <subfield code="9">981</subfield>
  </datafield>
  <datafield tag="700" ind1="1" ind2=" ">
    <subfield code="a">Cort&#xE1;zar, Angela,</subfield>
    <subfield code="e">direcci&#xF3;n editorial</subfield>
    <subfield code="9">982</subfield>
  </datafield>
  <datafield tag="910" ind1=" " ind2=" ">
    <subfield code="a">Validado. Control de calidad BNPHU</subfield>
  </datafield>
  <datafield tag="952" ind1=" " ind2=" ">
    <subfield code="0">0</subfield>
    <subfield code="1">0</subfield>
    <subfield code="5">4</subfield>
    <subfield code="7">5</subfield>
    <subfield code="8">DS</subfield>
    <subfield code="a">BNPHU</subfield>
    <subfield code="b">BNPHU</subfield>
    <subfield code="c">HD</subfield>
    <subfield code="d">2009-06-25</subfield>
    <subfield code="e">002968</subfield>
    <subfield code="i">LF1</subfield>
    <subfield code="l">0</subfield>
    <subfield code="o">t.1</subfield>
    <subfield code="p">288-10</subfield>
    <subfield code="r">2020-06-25</subfield>
    <subfield code="w">2020-06-25</subfield>
    <subfield code="y">LF1</subfield>
    <subfield code="Z">Pr&#xE9;stamo en sala</subfield>
  </datafield>
  <datafield tag="952" ind1=" " ind2=" ">
    <subfield code="0">0</subfield>
    <subfield code="1">0</subfield>
    <subfield code="5">4</subfield>
    <subfield code="7">5</subfield>
    <subfield code="8">DS</subfield>
    <subfield code="a">BNPHU</subfield>
    <subfield code="b">BNPHU</subfield>
    <subfield code="c">HD</subfield>
    <subfield code="d">2009-06-25</subfield>
    <subfield code="e">002969</subfield>
    <subfield code="i">LF1</subfield>
    <subfield code="l">0</subfield>
    <subfield code="o">t.2</subfield>
    <subfield code="p">288-20</subfield>
    <subfield code="r">2020-06-25</subfield>
    <subfield code="w">2020-06-25</subfield>
    <subfield code="y">LF1</subfield>
    <subfield code="Z">Pr&#xE9;stamo en sala</subfield>
  </datafield>
  <datafield tag="952" ind1=" " ind2=" ">
    <subfield code="0">0</subfield>
    <subfield code="1">0</subfield>
    <subfield code="5">4</subfield>
    <subfield code="7">5</subfield>
    <subfield code="8">DS</subfield>
    <subfield code="a">BNPHU</subfield>
    <subfield code="b">BNPHU</subfield>
    <subfield code="c">HD</subfield>
    <subfield code="d">2009-06-25</subfield>
    <subfield code="e">002970</subfield>
    <subfield code="i">LF1</subfield>
    <subfield code="l">0</subfield>
    <subfield code="o">t.3</subfield>
    <subfield code="p">288-30</subfield>
    <subfield code="r">2020-06-25</subfield>
    <subfield code="w">2020-06-25</subfield>
    <subfield code="y">LF1</subfield>
    <subfield code="Z">Pr&#xE9;stamo en sala</subfield>
  </datafield>
  <datafield tag="952" ind1=" " ind2=" ">
    <subfield code="0">0</subfield>
    <subfield code="1">0</subfield>
    <subfield code="5">4</subfield>
    <subfield code="7">5</subfield>
    <subfield code="8">DS</subfield>
    <subfield code="a">BNPHU</subfield>
    <subfield code="b">BNPHU</subfield>
    <subfield code="c">HD</subfield>
    <subfield code="d">2009-06-25</subfield>
    <subfield code="e">002971</subfield>
    <subfield code="i">LF1</subfield>
    <subfield code="l">0</subfield>
    <subfield code="o">t.4</subfield>
    <subfield code="p">288-40</subfield>
    <subfield code="r">2020-06-25</subfield>
    <subfield code="w">2020-06-25</subfield>
    <subfield code="y">LF1</subfield>
    <subfield code="Z">Pr&#xE9;stamo en sala</subfield>
  </datafield>
  <datafield tag="952" ind1=" " ind2=" ">
    <subfield code="0">0</subfield>
    <subfield code="1">0</subfield>
    <subfield code="5">4</subfield>
    <subfield code="7">5</subfield>
    <subfield code="8">DS</subfield>
    <subfield code="a">BNPHU</subfield>
    <subfield code="b">BNPHU</subfield>
    <subfield code="c">HD</subfield>
    <subfield code="d">2009-06-25</subfield>
    <subfield code="e">002972</subfield>
    <subfield code="i">LF1</subfield>
    <subfield code="l">0</subfield>
    <subfield code="o">t.5</subfield>
    <subfield code="p">288-50</subfield>
    <subfield code="r">2020-06-25</subfield>
    <subfield code="w">2020-06-25</subfield>
    <subfield code="y">LF1</subfield>
    <subfield code="Z">Pr&#xE9;stamo en sala</subfield>
  </datafield>
  <datafield tag="952" ind1=" " ind2=" ">
    <subfield code="0">0</subfield>
    <subfield code="1">0</subfield>
    <subfield code="5">4</subfield>
    <subfield code="7">5</subfield>
    <subfield code="8">DS</subfield>
    <subfield code="a">BNPHU</subfield>
    <subfield code="b">BNPHU</subfield>
    <subfield code="c">HD</subfield>
    <subfield code="d">2009-06-25</subfield>
    <subfield code="e">002973</subfield>
    <subfield code="i">LF1</subfield>
    <subfield code="l">0</subfield>
    <subfield code="o">t.6</subfield>
    <subfield code="p">288-60</subfield>
    <subfield code="r">2020-06-25</subfield>
    <subfield code="w">2020-06-25</subfield>
    <subfield code="y">LF1</subfield>
    <subfield code="Z">Pr&#xE9;stamo en sala</subfield>
  </datafield>
  <datafield tag="952" ind1=" " ind2=" ">
    <subfield code="0">0</subfield>
    <subfield code="1">0</subfield>
    <subfield code="5">4</subfield>
    <subfield code="7">5</subfield>
    <subfield code="8">DS</subfield>
    <subfield code="a">BNPHU</subfield>
    <subfield code="b">BNPHU</subfield>
    <subfield code="c">HD</subfield>
    <subfield code="d">2009-06-25</subfield>
    <subfield code="e">002974</subfield>
    <subfield code="i">LF1</subfield>
    <subfield code="l">0</subfield>
    <subfield code="o">t.7</subfield>
    <subfield code="p">288-70</subfield>
    <subfield code="r">2020-06-25</subfield>
    <subfield code="w">2020-06-25</subfield>
    <subfield code="y">LF1</subfield>
    <subfield code="Z">Pr&#xE9;stamo en sala</subfield>
  </datafield>
  <datafield tag="952" ind1=" " ind2=" ">
    <subfield code="0">0</subfield>
    <subfield code="1">0</subfield>
    <subfield code="5">4</subfield>
    <subfield code="7">5</subfield>
    <subfield code="8">DS</subfield>
    <subfield code="a">BNPHU</subfield>
    <subfield code="b">BNPHU</subfield>
    <subfield code="c">HD</subfield>
    <subfield code="d">2009-06-25</subfield>
    <subfield code="e">002975</subfield>
    <subfield code="i">LF1</subfield>
    <subfield code="l">0</subfield>
    <subfield code="o">t.8</subfield>
    <subfield code="p">288-80</subfield>
    <subfield code="r">2020-06-25</subfield>
    <subfield code="w">2020-06-25</subfield>
    <subfield code="y">LF1</subfield>
    <subfield code="Z">Pr&#xE9;stamo en sala</subfield>
  </datafield>
  <datafield tag="999" ind1=" " ind2=" ">
    <subfield code="c">288</subfield>
    <subfield code="d">288</subfield>
  </datafield>
</record>
